000 00425nam a2200181Ia 4500
001 2913
005 20260306144842.0
008 260306t2016||||xx |||||||||||||| ||spa||
041 _aESP
082 _a231.5
_bF81
100 _aFrancisco I, Papa
_eAUT
245 0 _aEl nombre de dios es misericordia
260 _c2016
300 _a141 páginas :
_c23 cm.
650 _aGEN
654 _aCHU
942 _cLIB
_dJUS
_fJUS
_2ddc
_n
999 _c2913
_d2913